| 000 | 01193cam a2200325 a 4500 | ||
|---|---|---|---|
| 001 | 16579392 | ||
| 003 | ARRUPE | ||
| 005 | 20151021154912.0 | ||
| 008 | 101214s2011 miu b 001 0 eng | ||
| 010 | _a 2010051565 | ||
| 020 | _a9781587431487 (cloth) | ||
| 020 | _a1587431483 (cloth) | ||
| 035 | _a(OCoLC)ocn662401629 | ||
| 040 |
_aDLC _cDLC _dYDX _dBTCTA _dYDXCP _dDTM _dBWX _dDLC |
||
| 050 | 0 | 0 |
_aBS1465.53 _b.T75 2011 |
| 082 | 0 | 0 |
_a223/.707 _222 |
| 100 | 1 |
_aTreier, Daniel J., _d1972- _92554 |
|
| 245 | 1 | 0 |
_aProverbs & Ecclesiastes / _cDaniel J. Treier. |
| 246 | 3 | _aProverbs and Ecclesiastes | |
| 260 |
_aGrand Rapids, Mich. : _bBrazos, _cc2011. |
||
| 300 |
_axxvi, 256 p. ; _c24 cm. |
||
| 490 | 1 | _aBrazos theological commentary on the Bible | |
| 504 | _aIncludes bibliographical references and indexes. | ||
| 630 | 0 | 0 |
_aBible. _pProverbs _vCommentaries. _920452 |
| 630 | 0 | 0 |
_aBible. _pEcclesiastes _vCommentaries. _915036 |
| 830 | 0 |
_aBrazos theological commentary on the Bible. _920453 |
|
| 906 |
_a7 _bcbc _corignew _d1 _eecip _f20 _gy-gencatlg |
||
| 942 |
_2lcc _cMONOGRAPH |
||
| 999 |
_c123585 _d123585 |
||